000 00514nam a22001697a 4500
003 PILC
005 20150112093447.0
008 131016t xxu||||| |||| 00| 0 eng d
020 _a9780324594775
050 _aHF 5387
_b.B873 2010
100 _aBrooks, Leonard J.
_929479
245 _aBusiness and professional ethics :
_bfor Directors, Executives & Accountant /
_cLeonard J. Brooks
250 _a5th ed.
260 _aCanada ;
_bCengage Learning .
_xyz2010.
300 _a575 pages :
_c28 cm.
942 _2lcc
_cBK
999 _c14972
_d14972